| 000 | 00379nam a22001457a 4500 | ||
|---|---|---|---|
| 999 |
_c5977 _d5975 |
||
| 005 | 20210827142909.0 | ||
| 008 | 190910b xxu||||| |||| 00| 0 eng d | ||
| 020 | _a81-256-0090-6 | ||
| 041 | _aeng | ||
| 100 |
_aSUMAN, NEERJA AND CHATURVEDI, SUSHMA _95072 |
||
| 245 | _aBIOCHEMISTRY AND CLINICAL PATHOLOGY | ||
| 260 |
_aDELHI _bBIRLA PUBLICATION |
||
| 300 | _a170p, | ||
| 942 | _cBK | ||